000
00289nam a22001337a 4500
008
181011b xxu||||| |||| 00| 0 eng d
020
_a
0721635245
041
_a
eng
080
_a
610
100
_a
4
101
_a
SHM
245
_a
Equine Internal Medicine
_c
Reed,S.M
942
_2
udc
_c
BK
999
_c
49385
_d
49385